000
00291pab a2200121 454500
008
180718b xxu||||| |||| 00| 0 eng d
100
_a
Iqbal Badar Alam
245
_a
What's to be done for electricity?
362
_a
6 Oct 93, p.4
650
_a
Electricity
773
_a
Patriot
909
_a
25844
999
_c
25844
_d
25844